تدريس الدراسات الإجتماعية في التعليم العام / (رقم التسجيلة. 42413)

تفاصيل مارك
000 -الفاتح
عناصر البيانات ثابتة الطول 00976cam a2200241 i 4500
005 - تاريخ ووقت آخر معاملة
حقل ضبط 20260204131623.0
008 - عناصر البيانات ثابتة الطول
عناصر البيانات ثابتة الطول 250721s2000 ua gr 000 0 ara d
020 ## - الترقيم الدولي المعياري للكتب (ردمك)
الترقيم الدولي المعياري للكتب (ردمك) 9773140555
082 14 - رقم تصنيف ديوي العشري
رقم التصنيف 372.83
رقم المادة ي د ة
100 1# - مدخل رئيسي – اسم شخصي
الاسم الشخصي حميدة، إمام مختار
علاقة الشخص بالعمل/ دوره معد.
245 10 - بيان العنوان
العنوان تدريس الدراسات الإجتماعية في التعليم العام /
بيان المسؤولية إعداد أ.د. إمام مختار حمبدة [وأربعة اخرون].
250 ## - بيان الطبعة
بيان الطبعة الطبعة الأولى.
264 31 - بيانات النشر، التوزيع…إلخ
مكان النشر، التوزيع...إلخ القاهرة :
اسم الناشر، الموزع...إلخ مكتبة زهراء الشرق،
تاريخ النشر، التوزيع...إلخ 2000.
300 ## - الوصف المادي
عدد الوحدات المكونة للوعاء الجزء الثاني.
650 17 - مدخل إضافي بالموضوع - مصطلح موضوعي
مصطلح موضوعي أو اسم جغرافي كعنصر مدخل العلوم الإجتماعية.
650 17 - مدخل إضافي بالموضوع - مصطلح موضوعي
مصطلح موضوعي أو اسم جغرافي كعنصر مدخل التدريس.
700 1# - مدخل إضافي - اسم شخصي
الاسم الشخصي عرفة، صلاح الدين
علاقة الشخص بالعمل/ دوره معد.
700 1# - مدخل إضافي - اسم شخصي
الاسم الشخصي القرش، حسن حسن
علاقة الشخص بالعمل/ دوره معد.
700 1# - مدخل إضافي - اسم شخصي
الاسم الشخصي شحات، محمد رمضان
علاقة الشخص بالعمل/ دوره معد.
700 1# - مدخل إضافي - اسم شخصي
الاسم الشخصي القرشي، أمير إبراهيم
علاقة الشخص بالعمل/ دوره معد.
942 ## - بيانات إضافية (كوها)
نوع التنصيف Dewey Decimal Classification
نوع المادة (كوها) كتب
المقتنيات
حالة السحب حالة الفقدان مصدر التصنيف حالة التلف غير قابل للإعارة المكتبة الرئيسية المكتبة الحالية موقع الرف تاريخ التزويد الرقم المتسلسل Total Checkouts رقم الإستدعاء الباركود تاريخ آخر ظهور تاريخ الفاتورة نوع المادة (كوها)
    Dewey Decimal Classification     المكتبة المركزية المكتبة المركزية الإعارة 06/07/2004 381897   372.83 / ت د ر 381897 28/07/2025 06/07/2004 كتب
    Dewey Decimal Classification     المكتبة المركزية المكتبة المركزية الإعارة 06/07/2004 381898   372.83 / ت د ر 381898 28/07/2025 06/07/2004 كتب
Implemented & Customized by: BBB with SCIT (Smart Chains for Information Technology)

Powered by Koha